000 00766nam a2200241 a 4500
001 70242
003 BD-RjUL
005 20211209081958.0
008 170416s1957 nyua 001 0 eng d
035 _a(BD-RjUL)70456
040 _aDLC/ICU
_cICU
_dDLC
_dBD-RjUL
_beng
041 _aeng
082 0 0 _223
_a547
_bFRQ 1957
100 1 _aFritz, James S.
_q(James Sherwood),
_d1924-
_9208022
245 1 0 _aQuantitative organic analysis /
_cJames S. Fritz & George S. Hammond.
260 _aNew York :
_bWiley,
_cc1957
300 _a303 p. :
_bill. ;
_c 24 cm.
500 _aIncludes index
650 0 _aChemistry, Organic
_9208023
650 0 _a.Chemistry, Analytic
_xQuantitative.
_9117700
700 1 _aHammond, George S.
_d1921-
_ejoint author.
_9208024
942 _2ddc
_cBK
999 _c70242
_d70242